000 01231nam a22002657a 4500
999 _c65871
_d65871
005 20240530110847.0
008 200912s2020 ua a f b 000 0dara d
017 _a15719
_bمصر. دار الكتب
020 _a9789772737604
040 _aEG-CaGPL
_cEG-CaGPL
082 0 4 _221
_a953.0711\
_bن م
100 0 _aنورهان ابراهيم عبدالمنعم سلامة ابوالعلا
245 1 0 _aموارد بيت المال بالاندلس واوجه صرفها منذ الفتح الاسلامى حتى نهاية عصر الدولة الاموية :
_b( 92 - 422 هـ - 711 - 1031 م ) /
_cنورهان ابراهيم عبدالمنعم سلامة ابوالعلا
250 _aط.1
260 _aالاسكندرية :
_bدار المعرفة الجامعية،
_c2020
300 _a270 ص. ؛
_c24 سم.
504 _aيشتمل على ارجاعات ببليوجرافية
650 0 7 _aبيت المال
_2qrmak
_xتاريخ
650 0 7 _aبيت المال
_xتاريخ
_yالعصر الاموى
650 0 7 _aبيت المال
_xتاريخ
_zالاندلس
650 0 7 _aالجزية
650 0 7 _aالعشور التجارية
942 _2ddc
_cBK